00887cam a22002895a 4500999001900000001000900019003000500028005001700033008004100050010001700091020001800108020001500126025002400141037006300165040001300228042001000241050002500251082001300276100001800289245002900307260007300336300002100409500001100430906004500441942001200486952009900498 c328537d32853714918654Nust20170411131018.0070627s2007 ii 000 1 eng  a 2007389671 a9780007262519 a0007262515 aI-E-2007-389671; 26 bLibrary of Congress -- New Delhi Overseas OfficecRs295.00 aDLCcDLC alcode00aPR6120.E27bM67 2007 a823bTEA1 aTearne, Roma.10aMosquito /cRoma Tearne. aNew Delhi ;aNew York, NY :bHarper Collins Publishers India,c2007. a296 p. ;c21 cm. aNovel. a7bibccorigoded3encipf20gy-gencatlg 2ddccBK 00102ddc4070aCLbCLcFICd2017-04-11l0o823.92 TEApCL1039r2017-04-11t1w2017-04-11yBK